000 00484cam a22001932 4500
001 0000000896
005 20170406112950.0
008 131120s xx 000 0 eng d
020 _c$
040 _aYour Holding Symbol
_cYour Holding Symbol
100 1 _aMartin,Malachi.
245 1 4 _aThe final conlave.
250 _a ed.
260 _anew york :
_bstein and day,
_c1978.
300 _a354 p. ;
_c cm.
504 _aindex.
650 0 _achrisianity.
908 _a131120
999 _c816
_d816